Normal view
MARC view
Entry Personal Name
001 - CONTROL NUMBER
- control field: 1039
003 - CONTROL NUMBER IDENTIFIER
- control field: ARRUPE
005 - DATE AND TIME OF LATEST TRANSACTION
- control field: 20130924163418.0
008 - FIXED-LENGTH DATA ELEMENTS
- fixed length control field: 130924|| aca||aabn | a|a d
040 ## - CATALOGING SOURCE
- Original cataloging agency: ARRUPE
- Transcribing agency: ARRUPE
100 ## - HEADING--PERSONAL NAME
- Personal name: Rūpagosvāmī,
- Dates associated with a name: active 16th century.
670 ## - SOURCE DATA FOUND
- Source citation: Work cat.: (ARRUPE)0: Rūpagosvāmī, active 16th century., The nectar of instruction ; an authorized English presentation of Śrīla Rūpa Gosvāmī's Śrī Upadeśāmṛta /, c1975.